| 000 | 01157cad a22002055a 4500 | ||
|---|---|---|---|
| 001 | L138573 | ||
| 008 | 070621e20070529xxk f 000 0 eng d | ||
| 035 | _a(Sirsi) u138573 | ||
| 041 | 0 | _aeng | |
| 050 | 0 | 4 | _a690 $2 18 |
| 110 | 2 |
_aTransparency International _95230 |
|
| 245 | 0 | 0 |
_aAnti-corruption training manual for the infrastructure, construction and engineering sectors _h[electronic resource] |
| 260 | _c2007 | ||
| 520 | _aDescribes ways in which corruption within the construction, infrastructure and engineering sectors can best be avoided. Provides an overview of what constitutes corruption. Lists 47 detailed case studies. Details simple anti-corruption rules for individuals and companies to follow. Provides practical advice on what to do when faced with a potentially corrupt situation. There are two versions of the work: international and England and Wales. The latter also provides an explanation of the relevant criminal laws. | ||
| 590 | _aKA | ||
| 651 | 4 |
_aEngland and Wales _y1543- |
|
| 651 | 4 | _aInternational | |
| 856 | 4 | 0 |
_uhttps://www.ciob.org.uk/news/view/1431 _zView the item free of charge at www.ciob.org.uk... |
| 942 | _n0 | ||
| 999 |
_c107206 _d107206 |
||